Mechanics of sheet metal forming (Record no. 50921)

MARC details
000 -LEADER
fixed length control field 00779nam a2200217 a 4500
008 - FIXED-LENGTH DATA ELEMENTS--GENERAL INFORMATION
fixed length control field 071123s2002 ||||||||||||||||| || u
020 ## - INTERNATIONAL STANDARD BOOK NUMBER
International Standard Book Number 0750653000
050 ## - LIBRARY OF CONGRESS CALL NUMBER
Classification number TS 250 Mar
100 ## - MAIN ENTRY--PERSONAL NAME
Personal name Duncan, J. L
245 10 - TITLE STATEMENT
Title Mechanics of sheet metal forming
Statement of responsibility, etc. Z. Marciniak; J. L.Duncan ; S. J. Hu
260 ## - PUBLICATION, DISTRIBUTION, ETC.
Place of publication, distribution, etc. Oxford
Name of publisher, distributor, etc. Butterworth-Heinemann
Date of publication, distribution, etc. 2002
300 ## - PHYSICAL DESCRIPTION
Extent xx, 211p.: ill.
350 ## - PRICE (NR) (BK AM CF MU VM SE) [OBSOLETE]
Price 0.00
650 ## - SUBJECT ADDED ENTRY--TOPICAL TERM
Topical term or geographic name entry element MECHANICS
650 ## - SUBJECT ADDED ENTRY--TOPICAL TERM
Topical term or geographic name entry element Plasticity
650 ## - SUBJECT ADDED ENTRY--TOPICAL TERM
Topical term or geographic name entry element PLATES(ENGINEERING)--PLASTIC PROPERTIES
650 ## - SUBJECT ADDED ENTRY--TOPICAL TERM
Topical term or geographic name entry element SHEET-METAL WORK--MATHEMATICAL MODELS
700 ## - ADDED ENTRY--PERSONAL NAME
Personal name Marciniak, Z
700 ## - ADDED ENTRY--PERSONAL NAME
Personal name Hu, S. J
995 ## - RECOMMENDATION 995 [LOCAL, UNIMARC FRANCE]
-- 0.00
-- CBU-MAIN LIBRARY (Kitwe)
-- 1
-- 0.00
-- 1
-- AVAILABLE
-- Nov 23, 2007
-- Main Library Open Access Collection
Holdings
Withdrawn status Lost status Source of classification or shelving scheme Damaged status Not for loan Home library Current library Shelving location Date acquired Total Checkouts Full call number Barcode Date last seen Price effective from Koha item type
          CBU-MAIN LIBRARY, KITWE. CBU-MAIN LIBRARY, KITWE.   11/30/2022   TS 250 Mar 738095 11/30/2022 11/30/2022 MONOGRAPH